Cantons suisses - Mort Subite - Statistiques

Statistiques générales
  • Ce quiz a été pris 31 791 fois
    31 790 depuis la dernière actualisation
  • Le résultat moyen est 8 sur 18
Answers on the Grid
Answers color-coded by a green-red scale on the quiz's grid according to % correct below.
Engadine
Obwald
Glaris
Zurich
Aarau
Neuchâtel
Fribourg
Genève
Jura
Alpes
Winterthour
Appenzell Rhodes-Intérieures
Bâle-Campagne
Bâle-Oriental
Nidwald
Thurgovie
Vaud
Matterhorn
Schwytz
Glaris-Sud
Grisons
Tessin
Aoste
Voralberg
Tyrol
Lucerne
Uri
Oberland
Suisse-Romanche
Saint-Gall
 
Statistiques - réponses
Réponse % Correct
Genève
61%
Zurich
60%
Neuchâtel
55%
Vaud
55%
Fribourg
51%
Jura
50%
Lucerne
49%
Tessin
46%
Bâle-Campagne
44%
Grisons
43%
Saint-Gall
41%
Uri
40%
Appenzell Rhodes-Intérieures
37%
Schwytz
35%
Thurgovie
33%
Nidwald
32%
Obwald
32%
Glaris
30%
Aucun quiz correspondant
Distribution des résultats
% des personnes avec chaque résultat
Percentile par nombre de réponses
Votre historique - résultats
Vous n’avez pas pris ce quiz depuis la dernière actualisation